[Event "302nd YMCA Spring C"]
[Site "Warsaw"]
[Date "2025.05.30"]
[Round "10"]
[White "Mueck, Piotr"]
[Black "Milczak, Piotr"]
[Result "1/2-1/2"]
[WhiteElo "1606"]
[BlackElo "1671"]
[PlyCount "78"]
[EventDate "2025.04.23"]
[EventType "tourn"]
[EventRounds "1"]
[SourceDate "2025.04.22"]

1. d4 d5 2. Nf3 Nf6 3. c4 c6 4. Nc3 e6 5. e3 Nbd7 6. Bd3 Bd6 7. O-O dxc4 8.
Bxc4 b5 9. Bd3 Bb7 10. e4 e5 11. d5 b4 12. dxc6 Bxc6 13. Bb5 Qc7 14. Bxc6 Qxc6
15. Nd5 O-O 16. Re1 Rac8 17. Bg5 Nxd5 18. exd5 Qb7 19. Qd2 f6 20. Be3 a5 21.
Rac1 Nb6 22. Bxb6 Qxb6 23. Rc2 b3 24. Rc6 Rxc6 25. dxc6 Qxc6 26. Qxa5 Ra8 27.
Qd2 bxa2 28. Ra1 Be7 29. Qd1 Qe6 30. h3 Rb8 31. Qc2 g6 32. b3 Qxb3 33. Qxb3+
Rxb3 34. Rxa2 Rb1+ 35. Kh2 e4 36. Nd2 Bd6+ 37. g3 Re1 38. Nc4 Bc5 39. Kg2 e3
1/2-1/2

[Event "302nd YMCA Spring C"]
[Site "Warsaw"]
[Date "2025.06.18"]
[Round "10"]
[White "Marczukiewicz, Slawomir"]
[Black "Chudyk, Mateusz"]
[Result "1-0"]
[WhiteElo "1669"]
[BlackElo "1680"]
[PlyCount "81"]
[EventDate "2025.04.23"]
[EventType "tourn"]
[EventRounds "1"]
[SourceDate "2025.04.22"]

1. c4 e5 2. Nc3 Bb4 $11 3. g3 Bxc3 4. bxc3 Ne7 5. Bg2 f6 6. e4 d6 7. Ne2 b6 8.
O-O O-O 9. f4 Be6 10. d3 Qc8 11. f5 Bf7 12. g4 Kh8 13. Ng3 Nd7 14. Be3 c6 15.
Qd2 d5 16. cxd5 cxd5 17. Rfc1 Rd8 18. d4 Rb8 19. Qf2 Qa6 20. Bf1 Qb7 21. Bg2
exd4 22. cxd4 Rdc8 23. Bf4 Rxc1+ 24. Rxc1 Rc8 25. Rxc8+ Qxc8 26. e5 g5 27. fxg6
Bxg6 28. exf6 Ng8 29. g5 Qc6 30. h4 h5 31. Qe2 Ngxf6 32. gxf6 Nxf6 33. Be5 Kh7
34. Bf3 Qc1+ 35. Kg2 Ng4 36. Bxg4 hxg4 37. Qxg4 Qd2+ 38. Kh3 Qh6 39. Qc8 Bf7
40. Qh8+ Kg6 41. Qf6+ 1-0

[Event "302nd YMCA Spring C"]
[Site "Warsaw"]
[Date "2025.06.18"]
[Round "10"]
[White "Ossolinski, Lukasz"]
[Black "Jaroszuk, Marcin"]
[Result "1/2-1/2"]
[WhiteElo "1567"]
[BlackElo "1693"]
[PlyCount "46"]
[EventDate "2025.04.23"]
[EventType "tourn"]
[EventRounds "1"]
[SourceDate "2025.04.22"]

1. d4 Nf6 2. c4 e6 3. Nc3 d5 4. cxd5 exd5 5. Bg5 c6 6. e3 Bf5 7. Qf3 Bg6 8.
Bxf6 Qxf6 9. Qxf6 gxf6 10. Nge2 Be7 11. h4 h5 12. Nf4 Nd7 13. g3 Nb6 14. f3 Nc8
15. Kf2 Nd6 16. b3 O-O-O 17. Rc1 Kb8 18. Bd3 Bxd3 19. Nxd3 Nf5 20. Nf4 Ba3 21.
Rc2 Bd6 22. Nce2 Rde8 23. Rc3 Re7 $11 1/2-1/2

[Event "302nd YMCA Spring C"]
[Site "Warsaw"]
[Date "2025.06.03"]
[Round "10"]
[White "Szukalski, Antoni"]
[Black "Matyszkiewicz, Radoslaw"]
[Result "1-0"]
[WhiteElo "1703"]
[BlackElo "1596"]
[PlyCount "127"]
[EventDate "2025.04.23"]
[EventType "tourn"]
[EventRounds "1"]
[SourceDate "2025.04.22"]

1. e4 c5 2. Nf3 e6 3. Nc3 a6 4. d4 cxd4 5. Nxd4 Qc7 6. Be2 Nf6 7. O-O Nc6 8. a3
Be7 9. Be3 b5 10. Nxc6 Qxc6 11. e5 Nd5 12. Nxd5 Qxd5 13. Bf3 Qxd1 14. Rfxd1 Rb8
15. Ba7 Rb7 16. Bxb7 Bxb7 17. Rac1 Bd5 18. f4 f6 19. exf6 gxf6 20. f5 Rg8 21.
g3 h5 22. fxe6 dxe6 23. Kf2 h4 24. Rg1 f5 25. Be3 e5 26. Ke2 hxg3 27. hxg3 Rh8
28. Kd2 Rh2+ 29. Kc3 a5 30. b4 axb4+ 31. axb4 e4 32. Rcd1 Bc4 33. Bd4 Bg5 34.
Rh1 Bd2+ 35. Kb2 Rxh1 36. Rxh1 e3 37. Bxe3 Bxb4 38. Rh6 Kf7 39. Rb6 Be1 40. Bf4
Bf2 41. Rh6 Kg7 42. Rd6 Bc5 43. Be5+ Kf7 44. Rf6+ Ke7 45. Rxf5 Ke6 46. Rh5 Be3
47. Bf4 Bd4+ 48. c3 Bf6 49. Kc2 Be2 50. Rc5 Bc4 51. g4 Be2 52. g5 Bg7 53. Rc7
Kf5 54. Rxg7 Kxf4 55. Kb3 Bc4+ 56. Kb4 Kf5 57. Kc5 Ke5 58. Rb7 Kf5 59. Rxb5
Bxb5 60. Kxb5 Kxg5 61. c4 Kf6 62. Kb6 Ke7 63. c5 Kd7 64. Kb7 1-0

[Event "302nd YMCA Spring C"]
[Site "Warsaw"]
[Date "2025.06.17"]
[Round "10"]
[White "Sypula, Krzysztof"]
[Black "Wiktorowski, Janusz"]
[Result "0-1"]
[WhiteElo "1683"]
[BlackElo "1570"]
[PlyCount "68"]
[EventDate "2025.04.23"]
[EventType "tourn"]
[EventRounds "1"]
[SourceDate "2025.04.22"]

1. Nf3 d5 2. e3 Nf6 3. c4 e6 4. Nc3 Be7 5. d4 O-O 6. Bd3 dxc4 7. Bxc4 b6 8. O-O
Bb7 9. Qe2 h6 10. Rd1 Nbd7 11. e4 c5 12. d5 exd5 13. exd5 Bd6 14. Qd3 a6 15. a4
Re8 16. h3 Qe7 17. Bd2 Ne5 18. Nxe5 Qxe5 19. g3 Qh5 20. Kg2 Bc8 21. Rh1 Bf5 22.
Qf3 Qxf3+ 23. Kxf3 Ne4 24. Nb1 Ng5+ 25. Bxg5 Be4+ 26. Kg4 f5+ 27. Kh5 Bxh1 28.
Bd2 Kh7 29. g4 g6+ 30. Kh4 f4 31. g5 Bf3 32. Ra3 Bh5 33. Nc3 hxg5+ 34. Kxg5
Re5+ 0-1

[Event "302nd YMCA Spring C"]
[Site "Warsaw"]
[Date "2025.06.10"]
[Round "11"]
[White "Jaroszuk, Marcin"]
[Black "Szukalski, Antoni"]
[Result "1-0"]
[WhiteElo "1693"]
[BlackElo "1703"]
[PlyCount "63"]
[EventDate "2025.04.23"]
[EventType "tourn"]
[EventRounds "1"]
[SourceDate "2025.04.22"]

1. d4 Nf6 2. Nf3 e6 3. g3 d5 4. Bg2 c5 5. O-O Nc6 6. c4 dxc4 7. Qa4 cxd4 8.
Nxd4 Bd7 9. Nxc6 bxc6 10. Bxc6 Rc8 11. Bxd7+ Qxd7 12. Qxd7+ Nxd7 13. Rd1 Bc5
14. Nc3 Ke7 15. Ne4 Rhd8 16. Bd2 f5 17. Nxc5 Nxc5 18. Bg5+ Ke8 19. Rxd8+ Rxd8
20. Bxd8 Kxd8 21. Rc1 Kd7 22. Rxc4 Kd6 23. b4 Ne4 24. f3 Nf6 25. Kf2 g5 26. Ke3
Nd5+ 27. Kd3 e5 28. e4 Nb6 29. exf5 Nxc4 30. Kxc4 h5 31. h3 a6 32. a4 1-0